[Event "Coria del Rio op 13th"]
[Site "Coria del Rio"]
[Date "2007.02.26"]
[Round "6"]
[White "Migens Romero, Juan M"]
[Black "Marcelo Reina, Pino Montano"]
[Result "0-1"]
[WhiteElo "2118"]
[BlackElo "2015"]
[PlyCount "92"]
[EventDate "2007.02.20"]
[EventType "swiss"]
[EventRounds "9"]
[EventCountry "ESP"]
[SourceTitle "CBM 117 Extra"]
[Source "ChessBase"]
[SourceDate "2007.05.09"]
[SourceVersion "1"]
[SourceVersionDate "2007.05.09"]
[SourceQuality "1"]

1. d4 Nf6 2. Bg5 d5 3. Bxf6 exf6 4. e3 Be6 5. Bd3 Bd6 6. Nd2 0-0 7. Qh5 g6 8. Qh6 Re8 9. h4 Bf8 10. Qf4 Nd7 11. 0-0-0 c5 12. c3 c4 13. Bc2 b5 14. e4 b4 15. exd5 Bxd5 16. h5 bxc3 17. hxg6 cxd2+ 18. Kxd2 fxg6 19. Ne2 Bb4+ 20. Nc3 Qe7 21. Rde1 Qf7 22. Reg1 Re7 23. Rh3 Nf8 24. g4 Rae8 25. Kd1 Bxc3 26. Rxc3 Re2 27. Re3 R2xe3 28. fxe3 Ne6 29. Qd6 Ng5 30. Rf1 Kg7 31. Ke2 Ne4 32. Qf4 Qe6 33. Bxe4 Bxe4 34. Rf2 Bd3+ 35. Kd2 Qb6 36. Kc1 c3 37. b3 Qe6 38. Rf3 Qe7 39. b4 Rf8 40. d5 Qe4 41. d6 Qxf4 42. Rxf4 Rd8 43. Rd4 Be2 44. Kc2 Kf7 45. Kxc3 Ke6 46. Kd2 Bf3 0-1